| 000 | 00458nam a2200145 i 4500 | ||
|---|---|---|---|
| 001 | 62476 | ||
| 003 | ES-MaACL | ||
| 007 | t| | ||
| 008 | 031121s1953 sp ||||1| spa d | ||
| 100 | 1 |
_aFernández de la Faeda, Ricardo F. _949667 |
|
| 245 | 1 | 0 |
_aNarraciones cinegéticas / _cpor Ricardo F. Fernández de la Faeda. |
| 260 |
_a[Oviedo : _bs.n., _c1953] ( _fGráf. Summa) |
||
| 300 |
_a235 p., 12 lám. : _bil. ; _c13 cm. |
||
| 852 |
_aES-MaACL _jC-7283 _bR.35857 |
||
| 999 |
_c62476 _d62476 |
||